00328nam a2200133Ia 4500008004100000020001500041041001200056082001600068100001400084245004000098260003600138300000800174650001200182221030s9999 xx 000 0 und d a9971511800 aEnglish a105.23bKit aC. Kittel 0aIntroduction to Solid State Physics bJohn Wiley & SonsaMumbaic2000 a673 aPhysics